Online Catalogue and eLibrary

Pulse : (Record no. 5855)

MARC details
000 -LEADER
fixed length control field 00495nam a2200181Ia 4500
005 - DATE AND TIME OF LATEST TRANSACTION
control field 20241003005702.0
008 - FIXED-LENGTH DATA ELEMENTS--GENERAL INFORMATION
fixed length control field 240331s9999 xx 000 0 und d
020 ## - INTERNATIONAL STANDARD BOOK NUMBER
ISBN 9789554563209
082 ## - DDC Classification
Item Number - Author Mark NIL
Class No. 811
245 #0 - TITLE STATEMENT
Title Pulse :
Remainder of title an anthology of trilingual poetry
260 ## - PUBLICATION, DISTRIBUTION, ETC.
Place of publication, distribution, etc. Kelaniya
Name of publisher, distributor, etc. Centre for gender Studies, University of Kelaniya
Date of publication, distribution, etc. 2014
300 ## - PHYSICAL DESCRIPTION
Extent (e.g. Volumes, Pages etc.) 111 p .,
650 ## - SUBJECT ADDED ENTRY--TOPICAL TERM
Topical term or geographic name entry element Politics
650 ## - SUBJECT ADDED ENTRY--TOPICAL TERM
Topical term or geographic name entry element Culture
650 ## - SUBJECT ADDED ENTRY--TOPICAL TERM
Topical term or geographic name entry element Sexual Rights
700 ## - ADDED ENTRY--PERSONAL NAME
Personal name Niles, Sabreena.
Relator term (Role) Editor
942 ## - Koha item type (Biblio)
Koha item type Books in Stacks (Lending)
Holdings
Lost status Damaged status Collection code Home library Current library Shelving location Date acquired Full call number Accession Number Item type
    Lending WERC Library WERC Library Social Science Cupboard 03/31/2024 811 NIL 6845 Books in Stacks (Lending)

© WERC Library